LEADER 01002naa a2200217 u 4500 001 000000094454 003 CaOOAMICUS 005 20070226130138.0 008 040426s1975 it u000 u ita u 035 $a10991938 040 $aIAR$bita 100 1 $aViolante, Cinzio,$d1921-$0(OLS)http://pul/name/1223 245 10$aEresie nelle città e nel contado in Italia dall'XI al XIII secolo /$cCinzio Violante. 250 $a2. ed.$briveduta e accresciuta. 260 $aMilano :$bVita e pensiero,$c1975. 300 $aS. 349-380, ;$c21 cm 650 4$aEresie ed eretici$zItalia$yMedioevo.$0(OLS)http://pul/subject/6799 773 0 $aStudi culla cristianità medioevale : Società, istituzioni, spiritualità. 773 0 $aViolante, Cinzio.$tStudi sulla cristianità medioevale : società istituzioni spiritualità$w()12503 996 $6245$aEresie nelle città e nel contado in Italia dall'XI al XIII secolo$9(OLS)http://pul/title/121322 996 $6260$aMilano :$bVita e pensiero$9(OLS)http://pul/publisher/48016 LEADER 01241nam a2200301 u 4500 001 000000063651 003 CaOOAMICUS 005 20070226121253.0 008 011105s1970 it u000 u ita u 035 $a10908731 040 $aPUL(R)$bita 041 1 $aita$hfre 245 00$aGuida al dialogo con le religioni africane. 260 $aBologna :$bEd. Nigrizia,$cstampa 1970. 300 $a149 p. ;$c20 cm 500 $aIn testa al front. : Segretariato per i non Cristiani. 500 $aTit. orig. : A la rencontre avec les religions africaines. 504 $aBibliografia in nota. 650 4$aReligione$zAfrica.$0(OLS)http://pul/subject/23711 710 2 $aSecretariatus pro non Christianis.$0(OLS)http://pul/name/20021 850 $aPUL 852 $aPUL$W1$xSL Religione 1$y3$m75 P 4$j82583$nBK-PRI$b $qStampati$B82583$CPULBib$Z2$F82583 $H $81 910 $aPontificio Consiglio per il dialogo interreligioso$920021 910 $aPontificio Consiglio per il dialogo interreligioso$920021 941 1 $a8 961 $aINV: 67171 996 $6245$aGuida al dialogo con le religioni africane$9(OLS)http://pul/title/84855 996 $6260$aBologna :$bEd. Nigrizia$9(OLS)http://pul/publisher/70678